000 00508nam a2200193 a 4500
001 1772189679015
003 YourLibrary
005 20260227162634.0
008 260227s2009##################000#0#eng##
020 _a9780195377286
082 0 4 _a323.44209
_bTON
100 1 _aTong, James W.,
_eauthor.
245 1 0 _aRevenge of the Forbidden City :
260 _bOxford University Press,
_c2009.
300 _a289 pages
650 0 _aHistory.
942 _cENGLISH
040 _aYourLibrary
_beng
_cYourLibrary
999 _c616033
_d616033